Principle of environmental science : Inquiry and applications

Spremljeno u:
Bibliografski detalji
Glavni autor: Cunningham, William P.
Format: Knjiga
Jezik:Undetermined
Izdano: New York, NY McGraw-Hill 2004
Teme:
Oznake: Dodaj oznaku
Bez oznaka, Budi prvi tko označuje ovaj zapis!
Thư viện lưu trữ: Trung tâm Học liệu Trường Đại học Cần Thơ
LEADER 00583nam a2200205Ia 4500
001 CTU_74806
008 210402s9999 xx 000 0 und d
020 |c 407000 
082 |a 363.7 
082 |b C973 
100 |a Cunningham, William P. 
245 0 |a Principle of environmental science : 
245 0 |b Inquiry and applications 
245 0 |c William P. Cunningham and Mary Ann Cunningham 
260 |a New York, NY 
260 |b McGraw-Hill 
260 |c 2004 
650 |a Environmental sciences 
904 |i Minh 
980 |a Trung tâm Học liệu Trường Đại học Cần Thơ